Miloš Šimurda : obrazy 1958-2009 : Krajská galerie výtvarného umění ve Zlíně, Dům umění 20. září - 13. listopadu 2011 /

Hlavní autor: Šimurda, Miloš, 1924-2019
Korporativní autor: Krajská galerie výtvarného umění (Zlín, Česko)
Další autoři: Mikulaštík, Tomáš, 1948-
Jazyk: Čeština
Vydáno: Zlín : Krajská galerie výtvarného umění ve Zlíně, 2011
Témata:
Fyzický popis: [6] s. : barev. il. ; 30 cm
Knihy
Uloženo v:
LEADER 02075nam a2200493 a 4500
001 nkc20112225056
003 CZ PrNK
005 20111108092639.0
007 ta
008 110914s2011 xr a e c 000 0dcze
015 |z cnb002225056 
020 |a 978-80-85052-88-6  |q (skládanka) 
035 |a (OCoLC)761169564 
040 |a ABA001  |b cze 
043 |a e-xr--- 
045 |a x5y0 
072 7 |a 75  |x Malířství  |2 Konspekt  |9 21 
080 |a 75(437.3)  |2 MRF 
080 |a 75.036/.038  |2 MRF 
080 |a (437.3)  |2 MRF 
080 |a (083.824)  |2 MRF 
100 1 |a Šimurda, Miloš,  |d 1924-2019  |7 jo20000080512  |4 art 
245 1 0 |a Miloš Šimurda :  |b obrazy 1958-2009 : Krajská galerie výtvarného umění ve Zlíně, Dům umění 20. září - 13. listopadu 2011 /  |c [text Tomáš Mikulaštík] 
246 3 |a Obrazy 1958-2009 - Miloš Šimurda 
260 |a Zlín :  |b Krajská galerie výtvarného umění ve Zlíně,  |c 2011 
300 |a [6] s. :  |b barev. il. ;  |c 30 cm 
500 |a V tiráži uvedena též další místa a data konání této výstavy: Galéria M.A. Bazovského v Trenčíne, 9. december 2011 - 5. február 2012 ; Galéria mesta Bratislavy, február - apríl 2012 
500 |a Životopisná data a přehled výstav 
600 1 7 |a Šimurda, Miloš,  |d 1924-2019  |7 jo20000080512  |2 czenas 
648 7 |a 20.-21. století  |7 ch462155  |2 czenas 
648 4 |a 1958-2009 
650 0 7 |a české malířství  |7 ph116864  |y 20.-21. století  |2 czenas 
650 0 7 |a moderní malířství  |7 ph122940  |z Česko  |2 czenas 
650 0 9 |a Czech painting  |y 20th-21st centuries  |2 eczenas 
650 0 9 |a modern painting  |z Czechia  |2 eczenas 
655 7 |a katalogy výstav  |7 fd132536  |2 czenas 
655 9 |a exhibition catalogs  |2 eczenas 
700 1 |a Mikulaštík, Tomáš,  |d 1948-  |7 jo2002142330  |4 wfw 
710 2 |a Krajská galerie výtvarného umění (Zlín, Česko)  |7 kn20020418011 
910 2 |a BOA001  |b 4-1272.278 
990 |a BK 
995 |a 11 
991 |b 201110  |c NOV  |e n 
996 6 |b 2610490091  |c 4-1272.278  |l MZK  |r Sklad / do 1 hodiny  |n 0  |p p.v.  |w 001205397  |u 000010  |a 1  |e BOA001  |j MZK50  |s P